| 000 | 00806nam a22002057a 4500 | ||
|---|---|---|---|
| 999 |
_c20047 _d20047 |
||
| 003 | AR-CdUCM | ||
| 008 | 190524b ||||| |||| 00| 0 spa d | ||
| 040 |
_aMUNICIPALIDAD PROVINCIAL DEL CUSCO _cBIBLIOTECA MUNICIPAL DEL CUSCO |
||
| 082 |
_a901 / _bD64 |
||
| 100 |
_aDerisi, Octavio N. _941939 |
||
| 245 | _aFilosofía de la cultura y de los valores | ||
| 260 |
_aBuenos Aires : _bEmecé, _c1963. |
||
| 300 | _a326 Páginas | ||
| 505 | _aContenido: Naturaleza, causas y ámbito de la cultura -- Las dimensiones de la persona y ámbito de la cultura -- las condiciones del humanismo -- La cultura y los valores... | ||
| 650 |
_aCultura y valor _941940 |
||
| 650 |
_aDilema de la filosofía _941941 |
||
| 650 |
_aFamilia frente a la sociedad _941942 |
||
| 942 |
_2ddc _cLIBROS |
||
| 945 |
_aAndy _d2019-05-24 |
||